000 00906nam0a2200265 4500
001 RU\NLR\BIBL_A\012120400
005 20250623211852.0
010 _92000
035 _a(NLR Aleph) 012120400
090 _a13297916
_c13297916
100 _a20191015d1956 |||y0rusy50 ca
101 1 _akir
_crus
102 _aKG
105 _ay z 000yy
200 1 _aТоюттарды малга берүүнүн алдында даярдоо
_fА. Г. Бестужев
210 _aФрунзе
_cКыргызмамбас
_d1956
215 _aФрунзе
_cКыргымамбас
_d1956
300 _aНа обл. год вып.: 1955
541 1 _aПодготовка кормов к скармливанию
_zrus
686 1 _aП545.14
700 1 _aБестужев
_bА. Г.
_gАлександр Георгиевич
_4070
852 _aNLR
_bОНЛ
_jКирг./2-2018
942 _cBOOK
980 _aNB